| 000 | 00734nam a2200241 a 4500 | ||
|---|---|---|---|
| 005 | 20260108064012.0 | ||
| 008 | 991125s19942000mad 000 0 spa u | ||
| 020 | _a8471123894 | ||
| 035 | _aUPN01000023455 | ||
| 049 | _aCG | ||
| 050 | 4 |
_aH62 _bH6.38 |
|
| 100 | 1 | _aHouse, Ernest R. | |
| 245 | 1 | 0 |
_aEvaluación, ética y poder / _cErnest R. House ; tr. Pablo Manzano. |
| 260 |
_aMadrid : _bMorata, _c1994 (2000 impr.). |
||
| 300 | _a271 p. | ||
| 440 | 0 |
_aPedagogía. _pManuales |
|
| 590 | _a(También localizas un ejemplar en el "Area de Reserva") | ||
| 590 | _aBibliografía Básica (BGTQ) | ||
| 650 | 2 |
_aCambio (psicología) _94880 |
|
| 650 | 7 |
_aToma de decisiones _2 _91881 |
|
| 650 | 4 |
_aEvaluación _914106 |
|
| 905 | _aLibro | ||
| 999 |
_c23455 _d23455 |
||